000 01379cam a2200373 i 4500
001 197014
003 ES-MaACL
005 20250810063101.0
008 250311s2010 sp a | |||| 000 0 spa
015 _aMON10
017 _aM 6376-2010
_bOficina Depósito Legal Madrid
020 _a9788493567378
035 _a(OCoLC)733882829
035 _a(SpMaBN)a4703571
040 _aSpMaBN
_bspa
_cSpMaBN
_erdc
080 _a929 El Uali, Seyed Mustafa
080 _a32(648)"1975/..."
080 _a325.86(648)
100 1 _aEl Uali, Sayed Mustafa
_9239807
_eaut
245 1 0 _aTres textos: dos cartas y un discurso /
_cLuali Mustafa Sayed.
260 _a[Madrid] :
_bTurpin,
_cimp. 2010.
300 _a62 páginas :
_bilustrado a color ;
_c20 cm.
336 _2rdacontent
_atexto
337 _2rdamedia
_asin mediación
338 _2rdacarrier
_avolumen
600 0 _aEl Uali, Sayed Mustafa-
_vCorrespondencia
_2embne
_9239808
651 4 _aSahara occidental-
_xPolítica y gobierno-
_y1975-
_2embne
_99349
651 4 _aSahara occidental-
_xDescolonización
_2embne
_99346
852 _aES-MaACL
_cDEPOJ
_jN-10377
_xEncuadernación rústica
_9206499
_hDonación: Editorial
942 _cMONOGRAFIA
_n0
999 _c197014
_d197014